Modelování v mechanice 2017 : sborník rozšírených abstraktů vědecké konference. Ostrava, ČR, 19. - 20. ledna 2017

Na minha lista:
Detalhes bibliográficos
Autor Corporativo: Modelování v mechanice 2017 Ostrava, Česká republika
Formato: Conference Proceeding Livro
Idioma:tcheco
inglês
Publicado em: Ostrava : Vysoká škola báňská - Technická univerzita Ostrava, 2017
Tags: Adicionar Tag
Sem tags, seja o primeiro a adicionar uma tag!

MARC

LEADER 00000nam a22000003a 4500
001 0021672
003 SK-STU
005 20170201111723.4
007 ta
008 150602s ----xo-----e------100-0-----d
020 |a 978-80-248-4010-9 
040 |a STU  |b slo 
041 0 |a cze  |a eng 
044 |a xr 
111 2 |a Modelování v mechanice 2017  |n 15.  |d 19. - 20. 1. 2017  |c Ostrava, Česká republika 
245 1 0 |a Modelování v mechanice 2017 :  |b sborník rozšírených abstraktů vědecké konference. Ostrava, ČR, 19. - 20. ledna 2017 
246 3 1 |a Modelling in mechanics 2017 :  |b proceedings of extended abstracts of scientific conferences 
260 |a Ostrava :  |b Vysoká škola báňská - Technická univerzita Ostrava,  |c 2017 
300 |a 86 s. 
996 |c V* 2430/sc-17  |l VV14  |s P  |a 0  |w 0021672_0001 
996 |c V* 2431/sc-17  |l VV14  |s P  |a 0  |w 0021672_0002